000 00297nam a2200121 a 4500
005 20140414131959.0
008 110214s19uu xx 00 eng d
050 _aFIC
_bP22 2007
100 _aParker, David
245 _aWe can do this together.
440 _aFirst chapter book
999 _c113016
_d113016